000 00724cam a2200253 a 4500
008
020 _a9780321500731 (pbk.)
020 _a0321500733 (pbk.)
049 _aMAIN
090 _aHB172.5
_bWIL
100 1 _aWilliamson, Stephen D.
245 1 0 _aMacroeconomics /
_cStephen D. Williamson.
250 _a3rd ed.
260 _aBoston :
_bPearson/Addison Wesley,
_cc2008.
300 _axxiv, 692 p. :
_bill. ;
_c24 cm.
440 4 _aThe Addison-Wesley series in economics
500 _aIncludes index.
650 0 _aMacroeconomics.
907 _a.b10254109
_b05-05-08
_c08-04-08
003
005 20230123124904.0
040 _cNUST
942 _cBOOKS
_kHB172.5
_mWIL
999 _c132041
_d132041